3000 years of black poetry : (Record no. 129199)

MARC details
000 -LEADER
fixed length control field 00717nam a22002297a 4500
005 - DATE AND TIME OF LATEST TRANSACTION
control field 20170124110052.0
010 ## - LIBRARY OF CONGRESS CONTROL NUMBER
LC control number 744663
020 ## - INTERNATIONAL STANDARD BOOK NUMBER
Terms of availability 00.00
035 ## - SYSTEM CONTROL NUMBER
System control number 744663
037 ## - SOURCE OF ACQUISITION
Source of stock number/acquisition Cen Lib/Ret
040 ## - CATALOGING SOURCE
Original cataloging agency DPL
Language of cataloging EN
082 ## - DEWEY DECIMAL CLASSIFICATION NUMBER
Classification number 881.08
Item number YEA
245 ## - TITLE STATEMENT
Title 3000 years of black poetry :
Statement of responsibility, etc edited by Alan Lomax [and] Raoul Abdul
Remainder of title an anthology /
246 ## - VARYING FORM OF TITLE
Title proper/short title Three Thousand years of black poetry :
Remainder of title an anthology /
260 ## - PUBLICATION, DISTRIBUTION, ETC. (IMPRINT)
Place of publication, distribution, etc New York
Name of publisher, distributor, etc Dodd, Mead and Company
Date of publication, distribution, etc 1970
300 ## - PHYSICAL DESCRIPTION
Extent xvii,261p.
Dimensions 21cm(Hb)
650 ## - SUBJECT ADDED ENTRY--TOPICAL TERM
Topical term or geographic name as entry element Poetry -- Black authors
9 (RLIN) 25697
650 ## - SUBJECT ADDED ENTRY--TOPICAL TERM
Topical term or geographic name as entry element Blacks -- Poetry
9 (RLIN) 25698
700 ## - ADDED ENTRY--PERSONAL NAME
Personal name Lomax, Alan
9 (RLIN) 25699
700 ## - ADDED ENTRY--PERSONAL NAME
Personal name Abdul, Raoul
9 (RLIN) 25700
942 ## - ADDED ENTRY ELEMENTS (KOHA)
Source of classification or shelving scheme Dewey Decimal Classification
Koha item type English Books
Classification part 881.08
Call number suffix YEA
Holdings
Withdrawn status Lost status Damaged status Not for loan Home library Current library Date acquired Source of acquisition Cost, normal purchase price Total Checkouts Full call number Barcode Date last seen Date checked out Copy number Cost, replacement price Price effective from Koha item type
        Central Library Central Library 04/07/2015 Cen Lib/Ret 0.00 2 881.08 YEA 744663 26/12/2017 12/12/2017 1 0.00 04/07/2015 English Books

© Delhi Public Library
Hit Counter
free hit counter